000 00583nam a2200169 4500
008 160912b xxu||||| |||| 00| 0 eng d
020 _a0534362915
082 _22000
_aDC 150
_bC78
100 _914449
_aCoon, Dennis
245 _aEssentials of psychology:
_bexploration and application/
_cDennis Coon.
250 _a8th edition
260 _aAustralia:
_bWadsworth,
_cc2000.
300 _axlii, 665+various paging:
_bcolor illustrations;
_c28 cm.
500 _aIncludes appendix, glossary, bibliographical references and indexes.
650 0 _914450
_aPsychology
942 _2ddc
_cDC
999 _c4488
_d4488